000 00686nam a2200205 a 4500
005 20251126063913.0
008 991125s19901997mx 000 0 spa u
020 _a9682435897
035 _aUPN01000036465
049 _aCG
050 4 _aHN120 M6
_bP6.58 1990
100 1 _aPonce de León García, Grissel
245 1 0 _aManual de organización y desarrollo para comunidades marginadas de las ciudades /
_cGrissel Ponce de León García.
260 _aMéxico :
_bTrillas,
_c1990 [1997 impr.].
300 _a125 p. :
_bil
440 0 _aPedagogía para la primera infancia;
_v7
650 2 _aDesarrollo comunal
_915151
650 4 _aGRUPOS SOCIALES -
_xTRABAJO
_916589
905 _aLibro
999 _c36465
_d36465